000 00572nam a2200229Ia 4500
003 OSt
005 20220927105654.0
006 a|||||r|||| 00| 0
007 ta
008 220926b |||||||| |||| 00| 0 eng d
024 _a197254
037 _cReference Collections
040 _aRTL
_cRTL
_beng
041 _2eng
_aeng
082 _a"Xz7, G2"
100 _aCOLE G.D.H.
_9374160
245 0 _aEconomic Tracts for The Times
260 _c1932
300 _a327p.
_ccm.
942 _h"Xz7, G2"
_cCC
999 _c693852
_d693852